| 000 | 00663nam a2200253Ia 4500 | ||
|---|---|---|---|
| 003 | OSt | ||
| 005 | 20221007075715.0 | ||
| 006 | a|||||r|||| 00| 0 | ||
| 007 | ta | ||
| 008 | 221006b |||||||| |||| 00| 0 eng d | ||
| 024 | _a44,917 | ||
| 037 | _cTextual | ||
| 040 |
_aFLL _cFLL _beng |
||
| 041 |
_2eng _aeng |
||
| 082 | _aW.44, Q3.4 | ||
| 100 | _aVANAIK Achin | ||
| 245 | 0 |
_aPolitical science _b India engages the world |
|
| 250 | _a1st | ||
| 260 |
_aNew Delhi _bOxford Univerity Press India _c2013 |
||
| 300 |
_axlii,567p. _ccm. |
||
| 490 | _vVolume 4 | ||
| 942 |
_hW.44, Q3.4 _cTEXL _2CC |
||
| 999 |
_c1157079 _d1157079 |
||